[Event "Stay Safe Play From Home 234"]
[Site "Emanuel Lasker Arena"]
[Date "2020.06.17"]
[Round "4"]
[White "Don59as"]
[Black "Lazieri3"]
[Result "1-0"]
[WhiteElo "2048"]
[BlackElo "2054"]
[Annotator "NA RC"]
[PlyCount "155"]
[EventDate "2020.06.17"]
[EventType "swiss (blitz)"]

1. c4 {[%emt 0:00:02]} c6 {[%emt 0:00:00]} 2. e4 {[%emt 0:00:03]} d5 {[%emt 0:00:00]} 3. cxd5 {[%emt 0:00:00]} cxd5 {[%emt 0:00:02]} 4. e5 {[%emt 0:00:00]} e6 {[%emt 0:00:01]} 5. Nf3 {[%emt 0:00:02]} Bd7 {[%emt 0:00:02]} 6. d4 {[%emt 0:00:01]} Qa5+ {[%emt 0:00:03]} 7. Nc3 {[%emt 0:00:02]} Bb4 {[%emt 0:00:01]} 8. Bd2 {[%emt 0:00:01]} Qb6 {[%emt 0:00:02]} 9. a3 {[%emt 0:00:06]} Be7 {[%emt 0:00:02]} 10. b4 {[%emt 0:00:09]} Nc6 {[%emt 0:00:01]} 11. Na4 {[%emt 0:00:05]} Qc7 {[%emt 0:00:04]} 12. Nc5 {[%emt 0:00:04]} Bxc5 {[%emt 0:00:03]} 13. bxc5 {[%emt 0:00:01]} Nge7 {[%emt 0:00:01]} 14. Bd3 {[%emt 0:00:02]} g6 {[%emt 0:00:04]} 15. O-O {[%emt 0:00:09]} Nf5 {[%emt 0:00:01]} 16. Bxf5 {[%emt 0:00:03]} exf5 {[%emt 0:00:02]} 17. Bg5 {[%emt 0:00:08]} Nd8 {[%emt 0:00:14]} 18. Bf6 {[%emt 0:00:04]} Rg8 {[%emt 0:00:01]} 19. Re1 {[%emt 0:00:16]} Ne6 {[%emt 0:00:01]} 20. Ng5 {[%emt 0:00:05]} h6 {[%emt 0:00:05]} 21. Nxe6 {[%emt 0:00:05]} fxe6 {[%emt 0:00:03]} 22. Qd2 {[%emt 0:00:07]} h5 {[%emt 0:00:41]} 23. Rab1 {[%emt 0:00:17]} a6 {[%emt 0:00:03]} 24. Rb6 {[%emt 0:00:09]} Bc6 {[%emt 0:00:03]} 25. Reb1 {[%emt 0:00:08]} Rc8 {[%emt 0:00:10]} 26. Qh6 {[%emt 0:00:07]} Qf7 {[%emt 0:00:04]} 27. h4 {[%emt 0:00:04]} Rc7 {[%emt 0:00:02]} 28. Qd2 {[%emt 0:00:13]} Qd7 {[%emt 0:00:03]} 29. Qa5 {[%emt 0:00:01]} Kf7 {[%emt 0:00:04]} 30. R6b3 {[%emt 0:00:08]} Ke8 {[%emt 0:00:16]} 31. Qd2 {[%emt 0:00:03]} Qh7 {[%emt 0:00:03]} 32. Qg5 {[%emt 0:00:02]} Qd7 {[%emt 0:00:07]} 33. Rg3 {[%emt 0:00:02]} Qf7 {[%emt 0:00:01]} 34. Qf4 {[%emt 0:00:02]} Kd7 {[%emt 0:00:04]} 35. Rbb3 {[%emt 0:00:02]} Ke8 {[%emt 0:00:03]} 36. Qh6 {[%emt 0:00:02]} Qh7 {[%emt 0:00:02]} 37. Qd2 {[%emt 0:00:03]} Qd7 {[%emt 0:00:03]} 38. Rg5 {[%emt 0:00:02]} Qh7 {[%emt 0:00:16]} 39. Rbg3 {[%emt 0:00:01]} Kf7 {[%emt 0:00:08]} 40. Qa5 {[%emt 0:00:02]} Rd7 {[%emt 0:00:05]} 41. Qc3 {[%emt 0:00:08]} Rc7 {[%emt 0:00:06]} 42. Qf3 {[%emt 0:00:02]} Rd7 {[%emt 0:00:05]} 43. Qf4 {[%emt 0:00:01]} Rc7 {[%emt 0:00:02]} 44. Rb3 {[%emt 0:00:01]} Ke8 {[%emt 0:00:03]} 45. f3 {[%emt 0:00:01]} Rf7 {[%emt 0:00:11]} 46. Qh2 {[%emt 0:00:01]} Rc7 {[%emt 0:00:03]} 47. g4 {[%emt 0:00:01]} hxg4 {[%emt 0:00:01]} 48. fxg4 {[%emt 0:00:00]} Kd7 {[%emt 0:00:11]} 49. Rg3 {[%emt 0:00:02]} Rcc8 {[%emt 0:00:01]} 50. Qg2 {[%emt 0:00:07]} Qxh4 {[%emt 0:00:05]} 51. Rxg6 {[%emt 0:00:01]} Rxg6 {[%emt 0:00:03]} 52. Bxh4 {[%emt 0:00:01]} fxg4 {[%emt 0:00:02]} 53. Rxg4 {[%emt 0:00:02]} Rxg4 {[%emt 0:00:02]} 54. Qxg4 {[%emt 0:00:01]} Re8 {[%emt 0:00:03]} 55. Qg7+ {[%emt 0:00:07]} Kc8 {[%emt 0:00:02]} 56. Be7 {[%emt 0:00:03]} Kb8 {[%emt 0:00:09]} 57. Bd6+ {[%emt 0:00:04]} Ka8 {[%emt 0:00:02]} 58. Qf7 {[%emt 0:00:05]} Ka7 {[%emt 0:00:05]} 59. Bc7 {[%emt 0:00:01]} Ka8 {[%emt 0:00:02]} 60. Bb6 {[%emt 0:00:02]} Bb5 {[%emt 0:00:01]} 61. Kf2 {[%emt 0:00:06]} Bc6 {[%emt 0:00:01]} 62. Ke3 {[%emt 0:00:01]} Bb5 {[%emt 0:00:01]} 63. Kf4 {[%emt 0:00:01]} Bc6 {[%emt 0:00:01]} 64. Kg5 {[%emt 0:00:01]} Kb8 {[%emt 0:00:05]} 65. Qc7+ {[%emt 0:00:03]} Ka8 {[%emt 0:00:01]} 66. Qf7 {[%emt 0:00:03]} Kb8 {[%emt 0:00:01]} 67. Kf6 {[%emt 0:00:01]} Bb5 {[%emt 0:00:01]} 68. c6 {[%emt 0:00:02]} Bxc6 {[%emt 0:00:01]} 69. Bc5 {[%emt 0:00:01]} Ka8 {[%emt 0:00:04]} 70. Qc7 {[%emt 0:00:02]} Bb5 {[%emt 0:00:04]} 71. Qb6 {[%emt 0:00:01]} Kb8 {[%emt 0:00:01]} 72. Qa7+ {[%emt 0:00:02]} Kc7 {[%emt 0:00:03]} 73. Kf7 {[%emt 0:00:02]} Bc6 {[%emt 0:00:02]} 74. Bd6+ {[%emt 0:00:01]} Kd7 {[%emt 0:00:01]} 75. Qb6 {[%emt 0:00:02]} Rc8 {[%emt 0:00:01]} 76. a4 {[%emt 0:00:04]} Bxa4 {[%emt 0:00:02]} 77. Qxb7+ {[%emt 0:00:01]} Rc7 {[%emt 0:00:01]} 78. Qxc7# {[%emt 0:00:01] (Lag: Av=0.48s, max=1.0s)} 1-0

[Event "Stay Safe Play From Home 234"]
[Site "Emanuel Lasker Arena"]
[Date "2020.06.17"]
[Round "4"]
[White "Dukic"]
[Black "Position"]
[Result "0-1"]
[WhiteElo "1943"]
[BlackElo "2012"]
[Annotator "TA"]
[PlyCount "110"]
[EventDate "2020.06.17"]
[EventType "swiss (blitz)"]

{[%evp 18,110,32,20,40,32,29,31,58,62,87,82,110,64,66,56,74,58,58,65,118,49,120,-384,-384,-453,-431,-473,-344,-425,-424,-421,-403,-399,-243,-433,-414,-423,-420,-492,-476,-438,-304,-305,-285,-293,-281,-280,-250,-374,-347,-479,-463,-442,-402,-509,-506,-563,-566,-557,-518,-534,-510,-596,-573,-1083,-1021,-5190,-3396,-12822,-6115,-29985,-29986,-29992,-29984,-29984,-29984,-29984,-29983,-29988,-12842,-6797,-6701,-29988,-29989,-29993,-29990,-29992,-29988,-29993,-12843,-29983,-29984,-29978,-12845]} 1. c4 c5 2. Nc3 Nc6 3. Nf3 d6 4. d4 cxd4 5. Nxd4 Nf6 6. g3 g6 7. Bg2 Bd7 8. Nc2 Bg7 9. O-O O-O {9...h5 is the fancy move. Played by Quang Liem Le in May 2020.} 10. b3 Rc8 {A38: Symmetrical English vs ...g6: 4 Bg2 Bg7 5 Nf3 Nf6.} 11. Qd2 a6 12. Bb2 {[#]} Ng4 $146 {White is slightly better.} ({Predecessor:} 12... Re8 13. Rfd1 Qa5 14. e4 b5 15. Ne3 Ng4 16. cxb5 axb5 17. Ned5 Nd4 18. Nxe7+ Rxe7 {1-0 (31) Bocharov,D (2585)-Murzin,V (2280) Sochi 2017}) 13. h3 Bh6 14. f4 Nf6 15. Ne3 Bg7 16. Kh2 Qa5 17. g4 h6 18. a3 Qb6 {[#]} ({Black should try} 18... Qc5 $14) 19. b4 (19. Ncd5 $1 $16 {[%cal Rd5b6]} Nxd5 20. Nxd5) 19... Qd4 (19... e6 $14) 20. Qc2 $2 {[%mdl 8192] White does not recover from this.} (20. Qxd4 $16 {and life is bright.} Nxd4 21. Bxb7) 20... Qxe3 $19 21. Qc1 Qa7 22. e3 Nh7 23. Nd5 Bxb2 24. Qxb2 {White hopes to continue with b5.} e6 25. Nc3 Qxe3 {Threatens to win with ...Nb8.} 26. Rae1 $2 (26. Ne4 {was called for.}) 26... Qd4 27. Rd1 Qxc4 28. Rxd6 Nb8 29. Ne4 Bc6 30. Rd4 {[#]} Bxe4 $1 31. Rxc4 (31. Rxe4 Qc7) 31... Rxc4 32. Bxe4 Rxe4 33. Qc2 (33. Qg2 $142 Re3 34. Qxb7) 33... Rd4 34. Qc7 Rd7 35. Qb6 Rc8 36. Rf2 Nf6 37. f5 Nd5 38. Qd4 {intending fxe6.} exf5 39. gxf5 Nc6 40. Qd2 g5 41. h4 Nf6 42. Qb2 Ng4+ {[%mdl 64] Double Attack} 43. Kg3 Nxf2 44. Qxf2 Rd3+ 45. Kg4 Rd4+ 46. Kg3 Rxh4 47. Qc5 Re4 48. Qb6 Re7 (48... Nd4 $142 49. Qc5 Rxc5 50. bxc5 Nxf5+ 51. Kg2 Ra4 52. c6 bxc6 53. Kg1 Rxa3 54. Kf2 g4 55. Ke2 g3 56. Kd2 g2 57. Kc2 g1=Q 58. Kb2 Qa1+ 59. Kc2 Ne3+ 60. Kd2 Qd1#) 49. f6 Rd7 50. Kg4 Re8 51. Kh5 Re6 52. Qf2 Rd5 53. Kxh6 Ne7 (53... Re4 $142 54. Kh5 Rh4+ 55. Qxh4 gxh4+ 56. Kxh4 Rd3 57. a4 Rd4+ 58. Kh3 Rxb4 59. a5 Nxa5 60. Kg2 Nc6 61. Kf3 a5 62. Kg2 a4 63. Kg3 a3 64. Kf3 a2 65. Kf2 a1=Q 66. Kg2 Rb3 67. Kh2 Qa2+ 68. Kh1 Rb1#) 54. Kh5 Ng6 55. Qf3 {[#]} g4+ $1 {Accuracy: White = 30%, Black = 71%.} 0-1

[Event "Stay Safe Play From Home 234"]
[Site "Emanuel Lasker Arena"]
[Date "2020.06.17"]
[Round "4"]
[White "Greblah"]
[Black "Haris kollari 13"]
[Result "1-0"]
[WhiteElo "1926"]
[BlackElo "1844"]
[Annotator "NA RC"]
[PlyCount "73"]
[EventDate "2020.06.17"]
[EventType "swiss (blitz)"]

1. e4 {[%emt 0:00:01]} e6 {[%emt 0:00:01]} 2. Qe2 {[%emt 0:00:02]} Nf6 {[%emt 0:00:02]} 3. b3 {[%emt 0:00:03]} Be7 {[%emt 0:00:02]} 4. e5 {[%emt 0:00:05]} Nd5 {[%emt 0:00:01]} 5. d4 {[%emt 0:00:04]} O-O {[%emt 0:00:02]} 6. c4 {[%emt 0:00:01]} Nb6 {[%emt 0:00:01]} 7. Nf3 {[%emt 0:00:06]} d6 {[%emt 0:00:01]} 8. Bf4 {[%emt 0:00:09]} Nc6 {[%emt 0:00:04]} 9. exd6 {[%emt 0:00:10]} cxd6 {[%emt 0:00:01]} 10. Nc3 {[%emt 0:00:08]} Re8 {[%emt 0:00:02]} 11. O-O-O {[%emt 0:00:24]} d5 {[%emt 0:00:04]} 12. c5 {[%emt 0:00:06]} Nd7 {[%emt 0:00:01]} 13. Nb5 {[%emt 0:00:07]} g5 {[%emt 0:00:33]} 14. Bc7 {[%emt 0:00:03]} a6 {[%emt 0:00:06]} 15. Bxd8 {[%emt 0:00:02]} axb5 {[%emt 0:00:01]} 16. Bxe7 {[%emt 0:00:02]} Rxe7 {[%emt 0:00:03]} 17. Nxg5 {[%emt 0:00:02]} Nf6 {[%emt 0:00:06]} 18. h4 {[%emt 0:00:23]} h6 {[%emt 0:00:01]} 19. Nf3 {[%emt 0:00:13]} Ne4 {[%emt 0:00:02]} 20. Qe3 {[%emt 0:00:14]} Kg7 {[%emt 0:00:01]} 21. Nd2 {[%emt 0:00:19]} Rxa2 {[%emt 0:00:11]} 22. Nxe4 {[%emt 0:00:06]} dxe4 {[%emt 0:00:03]} 23. Qg3+ {[%emt 0:00:04]} Kh7 {[%emt 0:00:07]} 24. Qf4 {[%emt 0:00:11]} f5 {[%emt 0:00:07]} 25. Bxb5 {[%emt 0:00:07]} Bd7 {[%emt 0:00:05]} 26. Bxc6 {[%emt 0:00:02]} Bxc6 {[%emt 0:00:01]} 27. Qd6 {[%emt 0:00:02]} Re8 {[%emt 0:00:04]} 28. Qc7+ {[%emt 0:00:01]} Kh8 {[%emt 0:00:05]} 29. Rh3 {[%emt 0:00:04]} Rea8 {[%emt 0:00:07]} 30. Rg3 {[%emt 0:00:04]} Ra1+ {[%emt 0:00:01]} 31. Kd2 {[%emt 0:00:01]} e3+ {[%emt 0:00:06]} 32. fxe3 {[%emt 0:00:04]} R8a2+ {[%emt 0:00:03]} 33. Ke1 {[%emt 0:00:01]} Rxd1+ {[%emt 0:00:02]} 34. Kxd1 {[%emt 0:00:01]} Ra1+ {[%emt 0:00:01]} 35. Kd2 {[%emt 0:00:02]} Ra2+ {[%emt 0:00:01]} 36. Kc3 {[%emt 0:00:01]} Rxg2 {[%emt 0:00:05]} 37. Qg7# {[%emt 0:00:04] (Lag: Av=0.39s, max=1.7s)} 1-0

[Event "Stay Safe Play From Home 234"]
[Site "Emanuel Lasker Arena"]
[Date "2020.06.17"]
[Round "5"]
[White "Weltszmerc"]
[Black "Dukic"]
[Result "1-0"]
[WhiteElo "2123"]
[BlackElo "1929"]
[Annotator "TA"]
[PlyCount "107"]
[EventDate "2020.06.17"]
[EventType "swiss (blitz)"]

{[%evp 9,107,38,50,-10,22,-34,47,-25,-19,-29,-27,-18,-27,-50,-40,-42,-40,-61,-27,-71,0,12,53,76,60,17,26,-21,-14,-13,-18,-75,-70,-94,-101,-95,-71,-48,-47,-48,-47,-45,-27,-170,-170,-173,-168,-167,-170,-192,-98,-100,0,-56,-67,-145,-134,-131,-132,-151,-128,-151,-130,-131,-108,-124,-144,-137,-131,-144,0,0,0,-1075,-997,-1638,-1825,-1244,-1013,-29977,-1350,-1335,-1293,-5338,-5338,-5182,-4874,-4634,-4634,-4711,-2146,-4134,-588,-572,0,0,0,0,0,0]} 1. d4 c6 2. c4 d6 3. Bf4 Nd7 4. Nf3 Ngf6 5. Nc3 Nh5 6. e3 {A53: Old Indian Defence without Nf3.} ({White should try} 6. Bc1 $14) 6... g6 7. Be2 (7. Bg5 $11) 7... Bg7 {[#]} (7... Nxf4 $15 8. exf4 Bg7) 8. O-O $146 (8. Bg5 $14) ({Predecessor:} 8. Bg5 O-O 9. g4 Nhf6 10. h3 Qc7 11. Qc2 e5 12. O-O Re8 13. Rad1 h5 14. gxh5 Nxh5 {1-0 (41) Nuernberger,S (2003)-Hauck,J (1839) Bayern 2011}) 8... Nxf4 $11 9. exf4 O-O 10. Re1 e5 11. Ne4 Qe7 12. fxe5 dxe5 13. d5 cxd5 (13... f5 $5 {[%cal Rf5e4]} 14. Neg5 Nc5 $17) 14. cxd5 Nb6 (14... Qb4 $17 15. Qc2 f5) 15. d6 Qe8 16. a4 Bf5 17. Nc5 Qc6 18. b4 {Strongly threatening Bb5.} Rad8 19. Bb5 Qxd6 20. Nxb7 (20. Qxd6 $11 {remains equal.} Rxd6 21. Nxb7) 20... Qxd1 $17 21. Raxd1 Rxd1 22. Rxd1 Bc2 $36 {[%mdl 2048] Black has strong initiative.} 23. Re1 Bxa4 24. Bxa4 Nxa4 25. Nxe5 Rb8 26. Nd7 (26. Nd6 $1 $11 {and White stays safe.}) 26... Rxb7 $19 {[%mdl 64] Double Attack} 27. Re8+ Bf8 28. Nxf8 {[%csl Ge8][%cal Rf8e6][%mdl 4096] Endgame KRN-KRN} Kg7 29. g3 Rxb4 (29... Nc3 $1 $19 30. Rd8 Rxb4) 30. Nd7 $17 a5 ({Black should play} 30... Rb7 $17 31. Nb8 Nc3) 31. Ra8 (31. Re5 $1 $11) 31... Rb5 32. Nb8 (32. f4 $15) 32... Nc3 33. Nc6 a4 34. Ra7 Rb3 {Hoping for ...a3.} 35. Nd4 Rb1+ 36. Kg2 Ra1 37. h4 h5 38. Ne6+ Kf6 39. Ng5 {[#]} a3 ({Better is} 39... Ke5 $1 $17 40. Nxf7+ Kd4 41. Rd7+ Kc5 42. Rc7+ Kb4 43. Rb7+ Ka5) 40. f4 $1 $11 {[%csl Gg5][%cal Ra7f7]} Kf5 {Threatens to win with ...Kg4.} (40... Kg7 $5 41. Ne6+ $8 Kh7 $11) 41. Rxf7+ $2 {[%mdl 8192]} (41. Kh3 $11 Rh1+ 42. Kg2) 41... Kg4 $19 {aiming for ...Ra2+.} 42. Nh3 Ne4 43. Nf2+ Nxf2 44. Kxf2 {KR-KR} Ra2+ (44... a2 $142 45. Rf6 {[#]} Rf1+ $1 {[%mdl 512]} 46. Ke3 a1=Q 47. Rxg6+ Kf5 48. Rg5+ Kf6 49. Rg6+ Kxg6 50. Kd3 Qc1 51. g4 hxg4 52. Ke2 Qd1+ 53. Ke3 Kf5 54. h5 Rf3#) 45. Ke3 Rg2 46. Ke4 a2 47. Ra7 Kxg3 48. Ra6 Kxh4 49. Ke5 Kg3 50. Rxg6+ Kf2 (50... Kf3 $142 51. Ra6 h4) 51. Ra6 Kg1 $2 (51... Ke1 $19 {...h4 is the strong threat.} 52. f5 h4) 52. f5 $11 {The position is equal.} h4 53. f6 Rf2 54. Ke6 $1 {[%mdl 32768] Accuracy: White = 60%, Black = 62%. . Sensor Board Error (Ke4/e5)?} 1-0

[Event "Stay Safe Play From Home 234"]
[Site "Emanuel Lasker Arena"]
[Date "2020.06.17"]
[Round "5"]
[White "Lazieri3"]
[Black "Haris kollari 13"]
[Result "1-0"]
[WhiteElo "2037"]
[BlackElo "1831"]
[Annotator "NA RC"]
[PlyCount "77"]
[EventDate "2020.06.17"]
[EventType "swiss (blitz)"]

1. e4 {[%emt 0:00:01]} e6 {[%emt 0:00:01]} 2. e5 {[%emt 0:00:01]} d5 {[%emt 0:00:01]} 3. exd6 {[%emt 0:00:00]} cxd6 {[%emt 0:00:01]} 4. d4 {[%emt 0:00:00]} d5 {[%emt 0:00:00]} 5. c3 {[%emt 0:00:00]} Bd6 {[%emt 0:00:01]} 6. Nf3 {[%emt 0:00:00]} Bd7 {[%emt 0:00:01]} 7. Bg5 {[%emt 0:00:01]} Ne7 {[%emt 0:00:02]} 8. Bd3 {[%emt 0:00:06]} Nbc6 {[%emt 0:00:01]} 9. O-O {[%emt 0:00:01]} h6 {[%emt 0:00:02]} 10. Bh4 {[%emt 0:00:01]} Qc7 {[%emt 0:00:01]} 11. Bg3 {[%emt 0:00:01]} Bxg3 {[%emt 0:00:04]} 12. hxg3 {[%emt 0:00:00]} a6 {[%emt 0:00:04]} 13. Re1 {[%emt 0:00:01]} O-O-O {[%emt 0:00:07]} 14. Ne5 {[%emt 0:00:01]} Nxe5 {[%emt 0:00:01]} 15. dxe5 {[%emt 0:00:00]} Kb8 {[%emt 0:00:01]} 16. Nd2 {[%emt 0:00:02]} Nc6 {[%emt 0:00:02]} 17. Qe2 {[%emt 0:00:05]} h5 {[%emt 0:00:02]} 18. Nf3 {[%emt 0:00:04]} Rdg8 {[%emt 0:00:05]} 19. Nd4 {[%emt 0:00:03]} g5 {[%emt 0:00:05]} 20. Nxc6+ {[%emt 0:00:01]} Bxc6 {[%emt 0:00:02]} 21. b4 {[%emt 0:00:04]} g4 {[%emt 0:00:03]} 22. b5 {[%emt 0:00:02]} axb5 {[%emt 0:00:01]} 23. Bxb5 {[%emt 0:00:01]} Bxb5 {[%emt 0:00:01]} 24. Qxb5 {[%emt 0:00:00]} h4 {[%emt 0:00:01]} 25. a4 {[%emt 0:00:15]} hxg3 {[%emt 0:00:01]} 26. fxg3 {[%emt 0:00:01]} Rh5 {[%emt 0:00:01]} 27. a5 {[%emt 0:00:04]} Rc8 {[%emt 0:00:11]} 28. a6 {[%emt 0:00:22]} b6 {[%emt 0:00:01]} 29. a7+ {[%emt 0:00:04]} Ka8 {[%emt 0:00:01]} 30. Reb1 {[%emt 0:00:19]} Rxe5 {[%emt 0:00:11]} 31. Ra6 {[%emt 0:00:10]} Qc5+ {[%emt 0:00:02]} 32. Qxc5 {[%emt 0:00:01]} bxc5 {[%emt 0:00:01]} 33. Rab6 {[%emt 0:00:10]} Kxa7 {[%emt 0:00:07]} 34. Rb7+ {[%emt 0:00:02]} Ka8 {[%emt 0:00:02]} 35. Rxf7 {[%emt 0:00:06]} Rf5 {[%emt 0:00:01]} 36. Re7 {[%emt 0:00:06]} Rc6 {[%emt 0:00:08]} 37. Rg7 {[%emt 0:00:10]} Rf8 {[%emt 0:00:20]} 38. Rxg4 {[%emt 0:00:02]} Rfc8 {[%emt 0:00:25]} 39. Ra4+ {[%emt 0:00:03] Haris kollari 13 resigns (Lag: Av=0.44s, max=0.8s)} 1-0

[Event "Stay Safe Play From Home 234"]
[Site "Emanuel Lasker Arena"]
[Date "2020.06.17"]
[Round "5"]
[White "Position"]
[Black "Don59as"]
[Result "1-0"]
[WhiteElo "2025"]
[BlackElo "2065"]
[Annotator "NA RC"]
[PlyCount "123"]
[EventDate "2020.06.17"]
[EventType "swiss (blitz)"]

1. e4 {[%emt 0:00:02]} e5 {[%emt 0:00:01]} 2. Nf3 {[%emt 0:00:03]} Nc6 {[%emt 0:00:01]} 3. Bb5 {[%emt 0:00:02]} f5 {[%emt 0:00:01]} 4. d3 {[%emt 0:00:03]} Nf6 {[%emt 0:00:01]} 5. O-O {[%emt 0:00:04]} d6 {[%emt 0:00:01]} 6. Nc3 {[%emt 0:00:05]} Be7 {[%emt 0:00:02]} 7. Bc4 {[%emt 0:00:02]} Na5 {[%emt 0:00:02]} 8. Bb5+ {[%emt 0:00:01]} c6 {[%emt 0:00:01]} 9. Ba4 {[%emt 0:00:01]} b5 {[%emt 0:00:01]} 10. Bb3 {[%emt 0:00:01]} Nxb3 {[%emt 0:00:01]} 11. axb3 {[%emt 0:00:00]} b4 {[%emt 0:00:08]} 12. Na4 {[%emt 0:00:03]} fxe4 {[%emt 0:00:11]} 13. dxe4 {[%emt 0:00:01]} Nxe4 {[%emt 0:00:01]} 14. Qe2 {[%emt 0:00:02]} Nf6 {[%emt 0:00:03]} 15. Rd1 {[%emt 0:00:04]} Qc7 {[%emt 0:00:06]} 16. h3 {[%emt 0:00:03]} O-O {[%emt 0:00:08]} 17. Bg5 {[%emt 0:00:05]} a5 {[%emt 0:00:17]} 18. Bxf6 {[%emt 0:00:27]} Ba6 {[%emt 0:00:10]} 19. Qd2 {[%emt 0:00:02]} Rxf6 {[%emt 0:00:04]} 20. Qe3 {[%emt 0:00:08]} c5 {[%emt 0:00:11]} 21. Rd2 {[%emt 0:00:08]} Raf8 {[%emt 0:00:02]} 22. Rad1 {[%emt 0:00:03]} h6 {[%emt 0:00:03]} 23. c3 {[%emt 0:00:09]} Bb7 {[%emt 0:00:04]} 24. Nh2 {[%emt 0:00:01]} d5 {[%emt 0:00:13]} 25. Ng4 {[%emt 0:00:02]} Re6 {[%emt 0:00:08]} 26. Qg3 {[%emt 0:00:09]} Bd6 {[%emt 0:00:09]} 27. Qh4 {[%emt 0:00:32]} e4 {[%emt 0:00:09]} 28. Ne3 {[%emt 0:00:04]} Be7 {[%emt 0:00:14]} 29. Qg4 {[%emt 0:00:03]} Ref6 {[%emt 0:00:29]} 30. Nxd5 {[%emt 0:00:03]} Bxd5 {[%emt 0:00:11]} 31. Rxd5 {[%emt 0:00:00]} e3 {[%emt 0:00:15]} 32. fxe3 {[%emt 0:00:15]} Bd6 {[%emt 0:00:01]} 33. Qe2 {[%emt 0:00:14]} Bh2+ {[%emt 0:00:07]} 34. Kh1 {[%emt 0:00:01]} Qg3 {[%emt 0:00:02]} 35. Qc4 {[%emt 0:00:11]} Kh8 {[%emt 0:00:02]} 36. R5d2 {[%emt 0:00:03]} Qb8 {[%emt 0:00:14]} 37. Nxc5 {[%emt 0:00:03]} Rc6 {[%emt 0:00:05]} 38. Qd5 {[%emt 0:00:04]} Rd6 {[%emt 0:00:04]} 39. Qc4 {[%emt 0:00:06]} Rxd2 {[%emt 0:00:01]} 40. Rxd2 {[%emt 0:00:03]} Qg3 {[%emt 0:00:03]} 41. Qe2 {[%emt 0:00:15]} Rf6 {[%emt 0:00:08]} 42. Ne4 {[%emt 0:00:02]} bxc3 {[%emt 0:00:10]} 43. bxc3 {[%emt 0:00:07]} Qe5 {[%emt 0:00:03]} 44. Nxf6 {[%emt 0:00:02]} gxf6 {[%emt 0:00:01]} 45. Rd4 {[%emt 0:00:05]} Bg3 {[%emt 0:00:03]} 46. Qg4 {[%emt 0:00:02]} Qg5 {[%emt 0:00:03]} 47. Qxg5 {[%emt 0:00:02]} hxg5 {[%emt 0:00:01]} 48. Rd5 {[%emt 0:00:01]} Be1 {[%emt 0:00:02]} 49. c4 {[%emt 0:00:01]} Kg7 {[%emt 0:00:02]} 50. e4 {[%emt 0:00:01]} Kf7 {[%emt 0:00:01]} 51. g4 {[%emt 0:00:01]} Ke6 {[%emt 0:00:00]} 52. Kg2 {[%emt 0:00:01]} Bb4 {[%emt 0:00:01]} 53. Kf3 {[%emt 0:00:01]} Ke7 {[%emt 0:00:03]} 54. Ke3 {[%emt 0:00:01]} Ke6 {[%emt 0:00:00]} 55. Kd4 {[%emt 0:00:01]} Be1 {[%emt 0:00:01]} 56. Rb5 {[%emt 0:00:02]} Bf2+ {[%emt 0:00:01]} 57. Kd3 {[%emt 0:00:01]} Be1 {[%emt 0:00:01]} 58. Rf5 {[%emt 0:00:06]} Bb4 {[%emt 0:00:02]} 59. c5 {[%emt 0:00:01]} Ke7 {[%emt 0:00:03]} 60. Kc4 {[%emt 0:00:01]} Ke6 {[%emt 0:00:01]} 61. Rd5 {[%emt 0:00:04]} Ke7 {[%emt 0:00:03]} 62. c6 {[%emt 0:00:01] Don59as resigns (Lag: Av=1.09s, max=2.3s)} 1-0

[Event "Stay Safe Play From Home 234"]
[Site "Emanuel Lasker Arena"]
[Date "2020.06.17"]
[Round "5"]
[White "Mehrdadahouran"]
[Black "Greblah"]
[Result "1-0"]
[WhiteElo "2001"]
[BlackElo "1939"]
[Annotator "TA"]
[PlyCount "97"]
[EventDate "2020.06.17"]
[EventType "swiss (blitz)"]

{[%evp 16,97,35,35,32,30,30,11,32,17,29,33,23,0,0,0,28,-431,-423,-437,-358,-494,-486,-500,-491,-581,-582,-615,-613,-592,-591,-584,-580,-603,-578,-664,-656,-652,-614,-627,-621,-618,-612,-577,-547,-637,-635,-640,-624,-624,-622,-599,-583,-891,-854,-909,-897,-1085,-890,-1347,-1344,-29983,-1464,-1417,-1400,-29988,-973,-973,-291,-906,-898,-863,-780,-828,-651,-701,2,-945,-878,-870,0,-5775,-443,-413]} 1. d4 c6 2. c4 d5 3. cxd5 cxd5 4. Nc3 Nf6 5. Bf4 Nc6 6. e3 e6 7. Bd3 Bd6 8. Bxd6 Qxd6 9. f4 a6 {D10: Slav Defence: 3 cxd5 (without early Nf3) and 3 Nc3.} 10. Nf3 b5 11. a3 {[#]} Na5 $146 {The position is equal.} ({Predecessor:} 11... O-O 12. Ne5 g6 13. h4 Na5 14. g4 Nd7 15. g5 Nc4 16. Qe2 f5 17. h5 Ndxe5 18. dxe5 {1-0 (36) Balogh,A (2009)-Urban,B (1720) Hungary 2018}) 12. O-O Nc4 13. Qe2 Bb7 14. g3 O-O 15. Ne5 Rfc8 16. Nd7 $2 {[%mdl 8192]} (16. g4 $11 {and White has nothing to worry.}) 16... Qxd7 $19 17. Rac1 Ne4 18. Bxe4 dxe4 19. g4 Rc7 20. f5 e5 21. Rcd1 exd4 22. Rxd4 Qe8 23. f6 g6 24. Qf2 Rd8 25. Qf4 {[#] White wants to mate with Qh6.} Rxd4 26. exd4 Rd7 27. b3 Nxa3 28. d5 e3 29. Re1 Bxd5 30. Rxe3 {[%cal Re3e8]} Be6 31. Ne4 Nc2 32. Rc3 Rd1+ 33. Kf2 Nd4 34. Nd6 Qf8 35. Ne4 Nxb3 36. Ng5 Rd2+ 37. Ke1 Bc4 38. Ne4 Rd4 (38... Re2+ $142 39. Kd1 {[#]} Rxe4 $1 {[%mdl 512]} 40. Qxe4 Qd8+ {[%mdl 64] Double Attack} 41. Rd3 Qxd3+ 42. Qxd3 Bxd3 43. Ke1 b4 44. g5 a5 45. Kf2 Nc1 46. Ke3 b3 47. Kd4 b2 48. h3 b1=Q 49. Kc5 Qb5+ 50. Kd4 Qb6+ 51. Ke5 Qb4 52. Kd5 Be4+ 53. Ke5 Nd3#) 39. Qe5 Qd8 {( -> ...Rxe4+!)} 40. Re3 Rd1+ (40... Rxe4 $142 41. Qc3 Rxe3+ {[%mdl 64] Overworked Piece} 42. Qxe3 Qxf6 43. Kd1 Qa1+ 44. Kc2 Nd4+ 45. Kd2 Qb2+ 46. Kd1 Qc2+ 47. Ke1 Qxh2 48. Qf2 Nc2+ 49. Kd1 Qxf2 50. Kc1 Ne3 51. Kb1 Qc2+ 52. Ka1 Qc1#) 41. Kf2 Rh1 $2 (41... Be6 42. Kg2 Nd4) 42. Nd6 $2 (42. Ng3 Qd2+ 43. Re2 Rf1+ 44. Kg2 Qd5+ 45. Qxd5 Bxd5+ 46. Kxf1) 42... Rf1+ 43. Kg3 h5 44. gxh5 Nd2 {aiming for ...Be6.} 45. hxg6 {Intending Qe8+ and mate.} fxg6 $2 (45... Rxf6 $19 46. Qe8+ Qxe8 47. Rxe8+ Kg7 48. gxf7 Bxf7 49. Nxf7 Kxf7) 46. Nxc4 $4 {[%mdl 8192]} (46. Qe7 $11 Rf3+ 47. Rxf3 Qxd6+ 48. Kg2 Qxe7 49. fxe7) 46... Nxc4 47. Qe6+ Kh7 $2 (47... Kf8 $19 48. Qe7+ Qxe7 49. Rxe7 a5) 48. Re4 $2 {[%mdl 8192]} (48. Qh3+ $11 Kg8 49. Qe6+ Kf8 50. Qe7+ Qxe7 51. fxe7+ Ke8 52. Rb3) 48... Qc7+ (48... Qd3+ $142 49. Kh4 Kh6) 49. Kg2 {[%mdl 32768] White got outplayed after the opening. Accuracy: White = 48%, Black = 75%. . Sensor Board Error (Ke4/e5)?} 1-0